Statistics for Total Drama Next Generation: Back in Action Quiz

Click here to take the quiz!

General Stats

  • This quiz has been taken 36 times
  • The average score is 11 of 14

Answer Stats

ContestantEliminated% Correct
Ron8th
90%
Vince12th
86%
Casey13th
83%
Cosmo3rd
83%
Danny5th
83%
Georgia1st
83%
Greg11th
83%
Megan9th
83%
Violet14th
83%
Xavier7th
83%
China6th
79%
Fran2nd
79%
Jackie10th
76%
Landovan4th
72%

Score Distribution

Percentile by Number Answered

Percent of People with Each Score

Your Score History

You have not taken this quiz